Library Catalog

Adolphe / (Record no. 492702)

MARC details
000 -LEADER
fixed length control field 01681nam a22002537a 4500
003 - CONTROL NUMBER IDENTIFIER
control field OSt
005 - DATE AND TIME OF LATEST TRANSACTION
control field 20260512101446.0
008 - FIXED-LENGTH DATA ELEMENTS--GENERAL INFORMATION
fixed length control field 260512b |||||||| |||| 00| 0 eng d
020 ## - INTERNATIONAL STANDARD BOOK NUMBER
International Standard Book Number 9781529405545
040 ## - CATALOGING SOURCE
Original cataloging agency Kenya National Library Service
082 ## - DEWEY DECIMAL CLASSIFICATION NUMBER
Classification number 843.6 CON
100 ## - MAIN ENTRY--PERSONAL NAME
Personal name Constant, Benjamin
Relator term Author
245 ## - TITLE STATEMENT
Title Adolphe /
Statement of responsibility, etc. Benjamin Constant, translated from French by Alexander Walker, edited with a preface by Richard Sieburth.
300 ## - PHYSICAL DESCRIPTION
Extent 130 pages ;
Dimensions 20 cm.
520 ## - SUMMARY, ETC.
Summary, etc. Adolphe enjoys all the advantages of a noble birth and an intellectual ability, yet he is haunted by the meaninglessness of life. Thus, he merely seeks distraction in the pursuit of the beautiful, but older and married Ellenore. The young Adolphe, inexperienced in the language of love, fallsfor her unexpectedly and falters under the burden of an illicit love that is destructive to his public career. Unable to commit himself fully to Ellenore, and yet unwilling to face the pain he would cause by leaving her, Adolphe finds himself incapable of resolving an increasingly tragic situation. Written in a clear and thoughtful style, Adolphe (1816) reveals Constant's own experiences in love, while reflecting his anxieties for the possibility of any authentic commitment to someone other than ourselves, whether emotional or political, in a disenchanted world.
650 ## - SUBJECT ADDED ENTRY--TOPICAL TERM
Topical term or geographic name entry element Revolution and empire 1789–1815
Form subdivision Fiction.
650 ## - SUBJECT ADDED ENTRY--TOPICAL TERM
Topical term or geographic name entry element Man woman relationship
Form subdivision Fiction.
650 ## - SUBJECT ADDED ENTRY--TOPICAL TERM
Topical term or geographic name entry element French fiction.
700 ## - ADDED ENTRY--PERSONAL NAME
Personal name Walker, Alexander
Relator term Translator
700 ## - ADDED ENTRY--PERSONAL NAME
Personal name Sieburth, Richard
Relator term Editor
942 ## - ADDED ENTRY ELEMENTS (KOHA)
Source of classification or shelving scheme Dewey Decimal Classification
Koha item type Books
Suppress in OPAC No
Holdings
Withdrawn status Source of classification or shelving scheme Damaged status Not for loan Home library Current library Date acquired Source of acquisition Cost, normal purchase price Total checkouts Full call number Barcode Date last seen Price effective from Koha item type
  Dewey Decimal Classification     Nakuru Library Acquisition, Cataloguing, Classification and Distribution Development 05/12/2026 BAI 1248.00   843.6 CON B232245 05/12/2026 05/12/2026 Books

© 2025, Kenya National Library Service | Designed & Maintained by Uvumbuzi Center